TALENT ON DEMAND MANAGING TALENT IN AN A (Record no. 24019)

MARC details
000 -LEADER
fixed length control field 00352nam a2200133Ia 4500
008 - FIXED-LENGTH DATA ELEMENTS--GENERAL INFORMATION
fixed length control field 240624s9999 xx 000 0 und d
041 ## - LANGUAGE CODE
Language code of text/sound track or separate title eng
082 ## - DEWEY DECIMAL CLASSIFICATION NUMBER
Classification number 658.311 CAP
100 ## - MAIN ENTRY--PERSONAL NAME
Personal name CAPPELLI PETER
245 ## - TITLE STATEMENT
Title TALENT ON DEMAND MANAGING TALENT IN AN A
260 ## - PUBLICATION, DISTRIBUTION, ETC.
Date of publication, distribution, etc. 2008
Place of publication, distribution, etc. Boston
Name of publisher, distributor, etc. Harvard Business Press
300 ## - PHYSICAL DESCRIPTION
Extent 280 : p. : cm. ; 24
365 ## - TRADE PRICE
Currency code RS
Holdings
Withdrawn status Lost status Damaged status Not for loan Home library Current library Shelving location Date acquired Cost, normal purchase price Full call number Barcode Date last seen Copy number Price effective from Koha item type
        IMTN IMTN Rack 26-A 01/16/2015 946.00 658.311 CAP 24019 06/24/2024 1 06/24/2024 Books
Designed & Maintained by: LRC IMT Nagpur Contact: lrc@imtnag.ac.in© 2024. All Rights Reserved.